| 000 | 00655nam a2200229Ia 4500 | ||
|---|---|---|---|
| 003 | OSt | ||
| 005 | 20250612102944.0 | ||
| 008 | 210716s2018 xx 000 0 und d | ||
| 020 | _a9789352865086 | ||
| 040 | _cAIMIT LIBRARY | ||
| 041 | _aeng | ||
| 082 |
_a005.7402 _bVIEJ |
||
| 100 |
_aViescas, John L. _9214483 |
||
| 245 |
_aEffective sql: 61specific ways to write better sql. _b61specific ways to write better sql. |
||
| 250 | _a1 | ||
| 260 |
_aNew Delhi _bPearson Education _c2018 |
||
| 300 | _axx,329 | ||
| 650 |
_aSQL _9214484 |
||
| 700 |
_aSteele,Douglas J. _9214485 |
||
| 700 |
_aClothier, Ben G. _9214486 |
||
| 942 |
_2ddc _cBK _k005.7402 VIEJ |
||
| 999 |
_c196361 _d196361 |
||